000 00983nam a22002657a 4500
003 OSt
005 20260601193858.0
008 260421b1969 nyua|||| |||| 00| 0 spa d
020 _a9789682303227
040 _aICI
_bspa
_cICI
050 _aF1234.Z3
_bW63
100 _aWomack, John,
_c Jr.,
_d1937-
_eautor
_933304
245 _aZapata y la Revolución Mexicana /
_cpor John Womack, jr. ; traduccion de Francisco González Aramburu
250 _a Primera edición
264 _a México :
_bSiglo Veintiuno,
_c 1969
300 _a xii, 443 páginas, 20 páginas no numeradas de láminas :
_b ilustraciones, retratos
_c21 cm.
336 _2rdacontent
_atexto
337 _2rdamedia
_asin medio
338 _2rdacarrier
_avolumen
500 _aReimpresiones: (18a, 1992) -- (30a, 2011)
650 _aZapata, Emiliano,
_d1879-1919
_933305
651 _aMéxico
_x Historia
_y Revolución, 1910-1920
_94975
700 _aGonzález Aramburu, Francisco
_etraductor
942 _2lcc
_cB
999 _c22109
_d22109